000 00403nam a22001697a 4500
003 OSt
005 20220114150609.0
008 220114b |||||||| |||| 00| 0 eng d
020 _a139781259025570
040 _cH.U
082 _a604.2
100 _aJensen
_924109
245 _aEngineering Drawing & Design
250 _a7th
260 _aNew Delhi
_bTata McGraw Hill
_c2012
942 _2ddc
_cBOOKS
_n0
999 _c27130
_d27130